000 01289nam a2200241 i 4500
001 41935
003 ES-MaACL
005 20250407192335.0
007 t|
008 030312s1951 sp |||| | spa d
100 1 _aCastán Tobeñas, José,
_d1889-1969
_936392
245 1 0 _aPoder judicial e independencia judicial /
_cdiscurso leído por José Castán Tobeñas en la solemne apertura de los Tribunales celebrada el 15 de septiembre de 1951.
260 _aMadrid :
_bInstituto Editorial Reus,
_c1951.
300 _a76 p. ;
_c24 cm.
510 _aCCPB,
_c001385058-X.
650 4 _aIndependencia judicial.
_9140842
852 _aES-MaACL
_jD-6608
_943488
_bR.31288
_bR.M.6197
_cSVI
_fSello en tinta azul de la Biblioteca del Ateneo de Madrid.
_gAnotación manuscrita en anteportada recto: "Para la biblioteca del Ateneo de Madrid". [Firma y rúbrica].
_hSello en tinta azul en cubierta: "Donativo".
_xEncuadernación en tela con el título en cubierta en dorado.
_zSello en tinta azul en cubierta: "DIC.1951"
903 _936392
_aCastán Tobeñas, José,
_d1889-1969
_ednr
942 _2udc
_cMONOGRAFIA
999 _c41935
_d41935